Statistics for Cinematic Cities

Click here to take the quiz!

General Stats

  • This quiz has been taken 85 times
    (45 since last reset)
  • The average score is 10 of 14

Answer Stats

Movie #1Movie #2Answer% Correct
King KongThe GodfatherNew York
90%
La Dolce VitaThe Great BeautyRome
90%
The 400 BlowsAmélieParis
88%
GodzillaLost in TranslationTokyo
86%
A Hard Day's NightMary PoppinsLondon
81%
Sunset BoulevardTerminator 2Los Angeles
81%
Train to BusanParasiteSeoul
81%
Good Will HuntingThe Boondock SaintsBoston
69%
Slumdog MillionaireThe LunchboxMumbai
67%
ScarfaceThere's Something About MaryMiami
64%
City of GodFast FiveRio de Janeiro
64%
MRun Lola RunBerlin
60%
Enter the DragonInfernal AffairsHong Kong
52%
The Life of BrianWorld War ZJerusalem
52%

Score Distribution

Percentile by Number Answered

Percent of People with Each Score

Your Score History

You have not taken this quiz since the last reset